Statistiques concernant Villes les plus peuplées de Belgique

Cliquez ici pour prendre le quiz!

Statistiques générales

  • Ce quiz a été pris 180 fois
  • Le résultat moyen est 10 sur 20

Statistiques - réponses

PopulationVille% Correct
194 291Bruxelles
97%
195 346Liège
93%
538 910Anvers
89%
119 541Bruges
82%
203 785Charleroi
80%
268 122Gand
77%
113 286Namur
64%
96 465Mons
58%
125 065Anderlecht
54%
103 009Louvain
54%
80 351Hasselt
38%
78 944Courtrai
36%
88 614Malines
30%
81 382La Louvière
29%
130 775Schaerbeek
29%
81 138Saint-Nicolas
28%
88 521Ixelles
27%
86 101Uccle
24%
90 068Alost
22%
98 270Molenbeek-Saint-Jean
15%

Distribution des résultats

Percentile par nombre de réponses

% des personnes avec chaque résultat

Votre développement - résultats

Vous n’avez pas pris ce quiz